000 00346nam a2200133Ia 4500
008 151001s9999||||xx |||||||||||||| ||und||
100 _aसुमती कुकडे
245 _aचाळीशीतला आहार
250 _a1
260 _bदिलीपराज
260 _c2001
300 _a48
365 _b21
999 _c984742
_d984739